School Administrator's Guide to Computers in Education
Spremljeno u:
| Format: | Knjiga |
|---|---|
| Jezik: | Undetermined |
| Izdano: |
Massachusetts
Addison-Wesley Publishing Company, Inc.
1986
|
| Teme: | |
| Oznake: |
Dodaj oznaku
Bez oznaka, Budi prvi tko označuje ovaj zapis!
|
| Thư viện lưu trữ: | Trung tâm Học liệu Trường Đại học Cần Thơ |
|---|
| LEADER | 00496nam a2200169Ia 4500 | ||
|---|---|---|---|
| 001 | CTU_85237 | ||
| 008 | 210402s9999 xx 000 0 und d | ||
| 082 | |a 370 | ||
| 082 | |b S372 | ||
| 245 | 0 | |a School Administrator's Guide to Computers in Education | |
| 245 | 0 | |c Daniel S. Cheever...[et al.] | |
| 260 | |a Massachusetts | ||
| 260 | |b Addison-Wesley Publishing Company, Inc. | ||
| 260 | |c 1986 | ||
| 650 | |a Education | ||
| 904 | |i Năm | ||
| 980 | |a Trung tâm Học liệu Trường Đại học Cần Thơ | ||